00920nabaa22001817a 4500999001500000003000400015005001700019008004100036040000700077100003400084245012400118300001100242505022900253505009000482650003200572773012100604942001300725 c6101d6101OSt20260122081243.0190701b xxu||||| |||| 00| 0 spa d cPJ 96869aRiva, Ignacio M. de la 13aLa influencia de Juan Bautista Alberdi en la formación del derecho administrativo argentino /cIgnacio M. de la Riva. ap. 3-9 aSumario: I. Personalidad y trayectoria de Alberdi.— II. El pensamientode Alberdi.— III. Escritos jurídicos de Alberdi.— IV. Aportes de Alberdi a la formación del derecho administrativo argentino.— V. Colofón.  t¿Te interesa el texto completo? Comunicate al correo: koha@justierradelfuego.gov.ar  09211aDERECHO ADMINISTRATIVO0 0284293251dBuenos Aires : AbeledoPerrot, 2012-oDA121tDerecho administrativo. Nº 145 enero/febrero 2023z18510590 2udccANA